00521nab a2200169 uc450000100070000000500170000700800410002403500110006503500210007604000130009704100080011010000370011824500430015565000260019865000200022477301070024479271320240201184758.0030120e19981231 spa  a792713 a(OCoLC)820005555 ccomduadb aspa10aRoca Soriano, Francina4auteaut14aLos desconocidos grupos de ayuda mutua aGrupos de ayuda mutua aGrupos de apoyo0 tCuadernos de Trabajo Social (España)gVol. 11, Ene.-Dic. 1998, p. 251-263w767074x0214-03140248373